States That Beat Nebraska - Statistics

General Stats
  • This quiz has been taken 249 times
  • The average score is 8 of 12
Answer Stats
Rank Category Answer % Correct
7 Lowest Population Density Alaska | Wyoming | Montana | North Dakota | South Dakota | New Mexico | Idaho
98%
4 Most Tornadoes Texas | Kansas | Oklahoma
89%
8 Lowest Gun Ownership Rate Delaware | Rhode Island | New York | New Jersey | New Hampshire | Connecticut | Ohio
85%
5 Closest State Capital to the Missouri River Missouri | North Dakota | South Dakota | Montana
83%
3 Most Corn Production Iowa | Illinois
78%
5(t) Youngest Median Age Utah | Texas | Alaska | North Dakota | California(t) | Oklahoma(t)
75%
5 Lowest % Water Area New Mexico | Arizona | Colorado | Kansas
74%
5 Least Populated State Without a National Park Vermont | Delaware | Rhode Island | New Hampshire
74%
5 Highest % German Wisconsin | North Dakota | South Dakota | Iowa
65%
2 Most Cows Texas
50%
2 Largest State by Area Without a National Park Kansas
32%
2 Lowest % Forested North Dakota
31%
No matching quizzes found
Score Distribution
Percent of People with Each Score
Percentile by Number Answered
Your Score History
You have not taken this quiz